000 00444nam a2200145Ia 4500
008 090124s9999 xx 000 0 und d
082 _b204327
245 _a उठो वतन के वास्ते
250 _a1
260 _bमेगलानी े एच. जे.
_c1997
300 _a87
630 _a उठो वतन के वास्ते
730 _a उठो वतन के वास्ते
942 _cBOOK
999 _c185908
_d185908